| 000 | 00530nam a2200205Ia 4500 | ||
|---|---|---|---|
| 003 | OSt | ||
| 005 | 20230511151803.0 | ||
| 008 | 210423s1990 xx 000 0 und d | ||
| 040 | _cAL | ||
| 041 | _aeng | ||
| 082 |
_a305.4 _223 _bSCHW |
||
| 100 |
_aSCHAUPP (John) _9103644 |
||
| 245 | _aWomen image of the holy spirit | ||
| 260 |
_aKottaym _bOxford University Press _c1990 |
||
| 365 | _cINR | ||
| 650 |
_aSociology _9103645 |
||
| 650 |
_aWomen Studies _9103646 |
||
| 906 | _aholy ; image ; spirit ; Women | ||
| 942 |
_2ddc _cBK |
||
| 999 |
_c172054 _d172054 |
||